00608nam a22001577a 45000050016000000200023000160350013000390370013000521000025000652450107000902600055001973000025002529420030002779990017003079520126003242012041708218.0 a8173912718c410.00 aA-945440 aDPLbENG aNayak, Utpala945230 aWomen's development and social conflicts :bHistorical perspectives on Indian women /cby Utpala Nayak aNew DelhibKanishka Publishers, Distributorsc1999 axxii, 327p.c23 cms. 2ddccENh305.4095454mNAY c65127d65127 001040708NFICaZLSbZLSd2012-04-17g410.00l0o305.4095454 NAYpA-945440r2012-04-17 00:00:00v410.00w2012-04-17yEN